[Event "POL-chT 2nd League"]
[Site "Jastrzebia Gora"]
[Date "2024.09.05"]
[Round "6.27"]
[White "Chmielarz, Maciej"]
[Black "Zakoscielna, Kinga"]
[Result "0-1"]
[WhiteElo "1987"]
[BlackElo "2111"]
[PlyCount "76"]
[EventDate "2024.08.31"]
[EventType "team-swiss"]
[EventRounds "9"]
[EventCountry "POL"]
[SourceTitle "EXT 2025"]
[Source "ChessBase"]
[SourceDate "2024.10.14"]
[SourceVersion "1"]
[SourceVersionDate "2024.10.14"]
[SourceQuality "1"]
[WhiteTeam "Ostrow Wielkopolski"]
[BlackTeam "Konin Hetman TS"]
[WhiteTeamCountry "POL"]
[BlackTeamCountry "POL"]

1. d4 Nf6 2. c4 g6 3. Nc3 Bg7 4. e4 d6 5. f3 0-0 6. Be3 Nc6 7. Nge2 a6 8. Qd2 Na5 9. Nc1 Nd7 10. b4 Nc6 11. Rb1 e5 12. d5 Nd4 13. N1e2 Nxe2 14. Bxe2 f5 15. exf5 gxf5 16. 0-0 f4 17. Bf2 Qg5 18. Ne4 Qh6 19. c5 Nf6 20. Bd3 Rf7 21. cxd6 Nxe4 22. Bxe4 cxd6 23. Rbc1 Bf8 24. Bb6 Qg5 25. Rc7 Rxc7 26. Bxc7 Bd7 27. Rc1 Be7 28. Bb6 Bd8 29. Bc7 Qe7 30. Rc3 Rc8 31. Qc2 Qh4 32. g3 fxg3 33. hxg3 Qxg3+ 34. Kh1 Qh4+ 35. Kg1 Kh8 36. Bxd6 Bb6+ 37. Kf1 Bb5+ 38. Bd3 Bxd3+ 0-1

[Event "POL-chT 2nd League"]
[Site "Jastrzebia Gora"]
[Date "2024.09.04"]
[Round "5.21"]
[White "Majewski, Krzysztof"]
[Black "Chmielarz, Maciej"]
[Result "1/2-1/2"]
[WhiteElo "1957"]
[BlackElo "1987"]
[PlyCount "106"]
[EventDate "2024.08.31"]
[EventType "team-swiss"]
[EventRounds "9"]
[EventCountry "POL"]
[SourceTitle "EXT 2025"]
[Source "ChessBase"]
[SourceDate "2024.10.14"]
[SourceVersion "1"]
[SourceVersionDate "2024.10.14"]
[SourceQuality "1"]
[WhiteTeam "Koszalin Hetman Politechnika"]
[BlackTeam "Ostrow Wielkopolski"]
[WhiteTeamCountry "POL"]
[BlackTeamCountry "POL"]

1. e4 c6 2. Nf3 d5 3. e5 c5 4. d4 Nc6 5. c3 Bg4 6. dxc5 Bxf3 7. Qxf3 e6 8. Qg3 Qc7 9. f4 b6 10. cxb6 Qxb6 11. Nd2 h5 12. Nb3 h4 13. Qf2 Qb8 14. Be3 Nge7 15. Bd3 g6 16. Nd4 Nxd4 17. Bxd4 Nc6 18. Bc5 Bxc5 19. Qxc5 Ne7 20. Qb5+ Kf8 21. Qxb8+ Rxb8 22. 0-0-0 Nc6 23. b4 Rg8 24. g3 Ke7 25. g4 g5 26. b5 Na5 27. f5 Rgc8 28. f6+ Kd7 29. Kc2 Nc4 30. Bxc4 Rxc4 31. Rd4 Rxb5 32. Rxc4 dxc4 33. Rd1+ Kc7 34. Rd4 Rxe5 35. Rxc4+ Kd6 36. Kd3 Re1 37. Ra4 Rh1 38. Kd4 Rd1+ 39. Ke4 Re1+ 40. Kd4 e5+ 41. Kd3 Rh1 42. Ra6+ Kc5 43. Rxa7 Rxh2 44. Ke4 Re2+ 45. Kf5 h3 46. Rxf7 h2 47. Rh7 Kd6 48. Kxg5 Rf2 49. Kg6 e4 50. f7 Ke7 51. Rh3 Rf6+ 52. Kg5 Rf2 53. Kg6 Rf6+ 1/2-1/2

[Event "POL-chT 2nd League"]
[Site "Jastrzebia Gora"]
[Date "2024.09.02"]
[Round "3.51"]
[White "Chmielarz, Maciej"]
[Black "Piotrowski, Pawel"]
[Result "1-0"]
[WhiteElo "1987"]
[BlackElo "2072"]
[PlyCount "83"]
[EventDate "2024.08.31"]
[EventType "team-swiss"]
[EventRounds "9"]
[EventCountry "POL"]
[SourceTitle "EXT 2025"]
[Source "ChessBase"]
[SourceDate "2024.10.14"]
[SourceVersion "1"]
[SourceVersionDate "2024.10.14"]
[SourceQuality "1"]
[WhiteTeam "Ostrow Wielkopolski"]
[BlackTeam "Zary ZKSz"]
[WhiteTeamCountry "POL"]
[BlackTeamCountry "POL"]

1. d4 Nf6 2. c4 e6 3. Nc3 d5 4. Bg5 Be7 5. e3 0-0 6. Nf3 b6 7. cxd5 exd5 8. Bd3 Bb7 9. Rc1 Nbd7 10. Bb1 Re8 11. Qc2 c5 12. 0-0 Rc8 13. Ne5 Ne4 14. Bf4 cxd4 15. exd4 Nf8 16. Qb3 Ne6 17. Be3 Bd6 18. f4 Nxc3 19. Rxc3 Rxc3 20. Qxc3 f6 21. Qd3 Nf8 22. Nf3 Qc8 23. Rc1 Qg4 24. f5 g6 25. Bf2 Kg7 26. Qb5 Rd8 27. a4 Bc8 28. a5 Bxf5 29. axb6 Be4 30. Bxe4 dxe4 31. bxa7 exf3 32. g3 Ne6 33. Qb7+ Kh6 34. a8Q Rxa8 35. Qxa8 Nxd4 36. Kh1 Ne2 37. Qc8 Qg5 38. Qh3+ Kg7 39. Qd7+ Kh6 40. Rc4 Bf4 41. Qh3+ Kg7 42. gxf4 1-0

[Event "POL-chT 2nd League"]
[Site "Jastrzebia Gora"]
[Date "2024.09.01"]
[Round "2.51"]
[White "Praczukowski, Stanislaw"]
[Black "Chmielarz, Maciej"]
[Result "1-0"]
[WhiteElo "2103"]
[BlackElo "1987"]
[PlyCount "129"]
[EventDate "2024.08.31"]
[EventType "team-swiss"]
[EventRounds "9"]
[EventCountry "POL"]
[SourceTitle "EXT 2025"]
[Source "ChessBase"]
[SourceDate "2024.10.14"]
[SourceVersion "1"]
[SourceVersionDate "2024.10.14"]
[SourceQuality "1"]
[WhiteTeam "Torun UKS OPP"]
[BlackTeam "Ostrow Wielkopolski"]
[WhiteTeamCountry "POL"]
[BlackTeamCountry "POL"]

1. e4 c6 2. d4 d5 3. e5 c5 4. c3 Nc6 5. Be2 cxd4 6. cxd4 Qb6 7. Nc3 Qxd4 8. Nxd5 Qxd1+ 9. Bxd1 Kd8 10. Nf3 e6 11. Nc3 Nge7 12. 0-0 Ng6 13. Re1 Be7 14. Bc2 a6 15. g3 b5 16. Be3 Kc7 17. Rac1 Bb7 18. Bxg6 hxg6 19. a4 Nb4 20. Nd5+ Kb8 21. Nxe7 Bxf3 22. Bc5 Nd5 23. Nc6+ Kb7 24. Nd4 Bg4 25. axb5 axb5 26. f3 Bh3 27. Nxb5 Kc6 28. Nd6 f6 29. Ne4 Bf5 30. Ba3+ Kb6 31. Nc5 Bh3 32. exf6 gxf6 33. g4 e5 34. Nd7+ Kb7 35. Rc5 Nf4 36. Re4 Ra6 37. Rec4 Rd8 38. Rc7+ Ka8 39. Rc8+ Rxc8 40. Rxc8+ Kb7 41. Rc4 Ka8 42. Kf2 Nd3+ 43. Ke3 Bf1 44. Rc8+ Kb7 45. Rf8 Rc6 46. Rf7 Kc8 47. Nxf6 Rc2 48. Ke4 Nxb2 49. Bxb2 Rxb2 50. h4 Re2+ 51. Kd5 Bg2 52. Ne4 Re3 53. Ng5 Kd8 54. h5 gxh5 55. gxh5 e4 56. fxe4 Ke8 57. Rf5 Rg3 58. h6 Rg4 59. h7 Rh4 60. Rf2 Bh1 61. Ra2 Ke7 62. Ra8 Bxe4+ 63. Nxe4 Rh5+ 64. Kc4 Rxh7 65. Ra7+ 1-0

[Event "POL-chT 2nd League"]
[Site "Jastrzebia Gora"]
[Date "2024.08.31"]
[Round "1.27"]
[White "Chmielarz, Maciej"]
[Black "Lukasiewicz, Anna"]
[Result "1-0"]
[WhiteElo "1987"]
[BlackElo "1940"]
[PlyCount "85"]
[EventDate "2024.08.31"]
[EventType "team-swiss"]
[EventRounds "9"]
[EventCountry "POL"]
[SourceTitle "EXT 2025"]
[Source "ChessBase"]
[SourceDate "2024.10.14"]
[SourceVersion "1"]
[SourceVersionDate "2024.10.14"]
[SourceQuality "1"]
[WhiteTeam "Ostrow Wielkopolski"]
[BlackTeam "Legnica Miedz"]
[WhiteTeamCountry "POL"]
[BlackTeamCountry "POL"]

1. d4 d5 2. c4 e6 3. Nc3 Nf6 4. Nf3 Be7 5. Bg5 h6 6. Bh4 0-0 7. e3 b6 8. cxd5 Nxd5 9. Bxe7 Qxe7 10. Nxd5 exd5 11. Rc1 Be6 12. Bd3 c5 13. b3 Rc8 14. 0-0 a5 15. Ne5 Nd7 16. f4 Nf6 17. f5 Bd7 18. Qf3 a4 19. g4 axb3 20. axb3 cxd4 21. Rxc8+ Rxc8 22. exd4 Qb4 23. Qf4 Bb5 24. Bxb5 Qxb5 25. h4 Qb4 26. g5 hxg5 27. hxg5 Ne4 28. Nf3 Qxb3 29. g6 fxg6 30. fxg6 Nf6 31. Qe5 Re8 32. Qc7 Qe3+ 33. Kg2 Qe2+ 34. Rf2 Qe6 35. Ne5 Rc8 36. Rxf6 Rxc7 37. Rxe6 Kf8 38. Rxb6 Ke7 39. Kf3 Rc3+ 40. Kf4 Rc7 41. Kf5 Rc1 42. Rb7+ Kf8 43. Ke6 1-0

[Event "POL-chT 1st League"]
[Site "Sypniewo"]
[Date "2022.09.08"]
[Round "6.10"]
[White "Krasiewicz, Robert"]
[Black "Chmielarz, Maciej"]
[Result "0-1"]
[WhiteElo "1942"]
[BlackElo "1946"]
[PlyCount "76"]
[EventDate "2022.09.03"]
[EventType "team-swiss"]
[EventRounds "9"]
[EventCountry "POL"]
[SourceTitle "CBM 210 Extra"]
[Source "ChessBase"]
[SourceDate "2022.11.30"]
[SourceVersion "1"]
[SourceVersionDate "2022.11.30"]
[SourceQuality "1"]
[WhiteTeam "Zielonka Zieloni"]
[BlackTeam "Ostrow Wielkopolski"]
[WhiteTeamCountry "POL"]
[BlackTeamCountry "POL"]

1. c4 c6 2. Nf3 Nf6 3. g3 d5 4. b3 Bf5 5. Bg2 Qc8 6. 0-0 Bh3 7. d3 g6 8. Bb2 Bg7 9. Nbd2 h5 10. Bxh3 Qxh3 11. Ng5 Qg4 12. h4 0-0 13. Ndf3 Na6 14. cxd5 Nxd5 15. Bxg7 Kxg7 16. Qd2 f6 17. Nh2 Qd7 18. Ngf3 e5 19. e4 Ndc7 20. d4 Rad8 21. Rad1 Qe7 22. Qe3 exd4 23. Nxd4 Rfe8 24. Ndf3 Qc5 25. Qe2 Qb5 26. Qb2 Nb4 27. e5 Ncd5 28. exf6+ Nxf6 29. Rxd8 Rxd8 30. Ng5 Rd6 31. Nhf3 Nd3 32. Qe2 Kf8 33. Nd4 Qa6 34. Rd1 c5 35. Nde6+ Kg8 36. Nc7 Nf4 37. Qc2 Qe2 38. Rxd6 Qe1+ 0-1

[Event "POL-chT 1st League"]
[Site "Sypniewo"]
[Date "2022.09.06"]
[Round "4.8"]
[White "Chmielarz, Maciej"]
[Black "Adamczewski, Maciej"]
[Result "0-1"]
[WhiteElo "1946"]
[BlackElo "2028"]
[PlyCount "124"]
[EventDate "2022.09.03"]
[EventType "team-swiss"]
[EventRounds "9"]
[EventCountry "POL"]
[SourceTitle "CBM 210 Extra"]
[Source "ChessBase"]
[SourceDate "2022.11.30"]
[SourceVersion "1"]
[SourceVersionDate "2022.11.30"]
[SourceQuality "1"]
[WhiteTeam "Ostrow Wielkopolski"]
[BlackTeam "Strzelce Opolskie Strzelec"]
[WhiteTeamCountry "POL"]
[BlackTeamCountry "POL"]

1. d4 Nf6 2. c4 g6 3. Nc3 Bg7 4. e4 d6 5. f3 0-0 6. Be3 c5 7. d5 e6 8. Bd3 exd5 9. cxd5 Nbd7 10. Nh3 Ne5 11. Nf2 Nxd3+ 12. Qxd3 a6 13. a4 Nd7 14. 0-0 f5 15. f4 fxe4 16. Ncxe4 Nf6 17. Ng5 Bf5 18. Qc4 Re8 19. Bd2 Qd7 20. Rfe1 b5 21. Qb3 c4 22. Qf3 Rxe1+ 23. Rxe1 Re8 24. Rxe8+ Qxe8 25. g4 Bd7 26. Ne6 Bxe6 27. dxe6 Qxe6 28. Qa8+ Ne8 29. Bc3 Bxc3 30. bxc3 bxa4 31. Qxa6 Qe1+ 32. Kg2 Qxc3 33. Qxa4 Kf8 34. Qd7 Qg7 35. Qc6 Qf7 36. f5 d5 37. fxg6 hxg6 38. Nh3 Nf6 39. Ng5 Qe7 40. Ne6+ Kf7 41. Ng5+ Kg8 42. Kf1 Qe5 43. Qc8+ Ne8 44. Ne6 Qf6+ 45. Kg2 Qe7 46. Nf4 Kf7 47. Kf2 Nf6 48. Nxd5 Nxd5 49. Qxc4 Qe3+ 50. Kg2 Qe6 51. Qf1+ Kg8 52. Qf3 g5 53. h3 Nf4+ 54. Kf1 Qc4+ 55. Kf2 Qd4+ 56. Kf1 Qd3+ 57. Qxd3 Nxd3 58. Kg2 Nf4+ 59. Kg3 Ng6 60. Kf3 Kf7 61. Ke4 Ke6 62. Kd4 Nf4 0-1

[Event "FIDE World Uni Rapid-E 1st"]
[Site "Tornelo INT"]
[Date "2021.03.21"]
[Round "10"]
[White "Anipchenko, Polina"]
[Black "Chmielarz, Maciej"]
[Result "0-1"]
[WhiteElo "1619"]
[BlackElo "1993"]
[PlyCount "86"]
[EventDate "2021.03.20"]
[EventType "swiss (rapid)"]
[EventRounds "12"]
[EventCountry "NET"]
[SourceTitle "EXT 2022"]
[Source "ChessBase"]
[SourceDate "2021.10.06"]
[SourceVersion "1"]
[SourceVersionDate "2021.10.06"]
[SourceQuality "1"]

1. d4 d5 2. c4 e6 3. Nc3 Nf6 4. Bg5 Nbd7 5. cxd5 exd5 6. e3 c6 7. Nf3 Be7 8. Bd3 Ne4 9. Bxe7 Qxe7 10. Qc2 f5 11. h3 0-0 12. a3 a5 13. Ne2 Rf6 14. h4 b6 15. Nf4 Ba6 16. Rc1 Bxd3 17. Qxd3 Re8 18. Ng5 h6 19. Nxe4 fxe4 20. Qe2 Ref8 21. Qg4 Qd6 22. g3 c5 23. 0-0 cxd4 24. exd4 Rxf4 25. gxf4 Rxf4 26. Qg3 Qf6 27. h5 Qf5 28. Rc8+ Nf8 29. Rxf8+ Kxf8 30. f3 exf3 31. Kf2 Qc2+ 32. Kg1 Qe4 33. Qh3 Rg4+ 34. Kh2 Rh4 35. Rxf3+ Kg8 36. Rg3 Rxh3+ 37. Kxh3 Qxd4 38. b3 Qe4 39. a4 d4 40. Rg4 Qe6 41. Kh4 d3 42. b4 Qxg4+ 43. Kxg4 d2 0-1

[Event "FIDE World Uni Rapid-E 1st"]
[Site "Tornelo INT"]
[Date "2021.03.21"]
[Round "11"]
[White "Chmielarz, Maciej"]
[Black "Balewa, Jimmy Carlos"]
[Result "1-0"]
[WhiteElo "1993"]
[BlackElo "1595"]
[PlyCount "117"]
[EventDate "2021.03.20"]
[EventType "swiss (rapid)"]
[EventRounds "12"]
[EventCountry "NET"]
[SourceTitle "EXT 2022"]
[Source "ChessBase"]
[SourceDate "2021.10.06"]
[SourceVersion "1"]
[SourceVersionDate "2021.10.06"]
[SourceQuality "1"]

1. d4 f5 2. c4 Nf6 3. Nc3 g6 4. e4 fxe4 5. h4 d6 6. h5 Bf5 7. Be2 gxh5 8. Bxh5+ Nxh5 9. Qxh5+ Bg6 10. Qb5+ Nd7 11. Qxb7 Bg7 12. Nd5 Rc8 13. Bg5 Nf6 14. Ne2 Qd7 15. Nef4 c6 16. Qxd7+ Kxd7 17. Nxf6+ exf6 18. Bh6 Rhg8 19. Bxg7 Rxg7 20. 0-0-0 Rb8 21. Rh3 Rb6 22. Ra3 a6 23. Rh1 f5 24. Rah3 Rb4 25. b3 a5 26. Nxg6 hxg6 27. Rh7 Rxh7 28. Rxh7+ Ke6 29. Rg7 Kf6 30. Rc7 Rb6 31. Ra7 c5 32. d5 Ke5 33. Rxa5 g5 34. Ra7 f4 35. Kd2 Kd4 36. Rg7 Ra6 37. a4 Rb6 38. Kc2 e3 39. fxe3+ Kxe3 40. Rxg5 f3 41. gxf3 Kxf3 42. Rg6 Ke4 43. Kc3 Ke3 44. Re6+ Kf4 45. a5 Ra6 46. b4 cxb4+ 47. Kxb4 Kf5 48. Kb5 Ra8 49. Rxd6 Ke5 50. Rb6 Kd4 51. a6 Rc8 52. Rc6 Ra8 53. Kb6 Ke5 54. a7 Kd4 55. Kb7 Rxa7+ 56. Kxa7 Ke5 57. Re6+ Kd4 58. d6 Kxc4 59. d7 1-0

[Event "POL-chT 2nd League"]
[Site "Jastrzebia Gora"]
[Date "2018.09.06"]
[Round "7.4"]
[White "Rozycki, Bartlomiej"]
[Black "Chmielarz, Maciej"]
[Result "1/2-1/2"]
[WhiteElo "2145"]
[BlackElo "1946"]
[PlyCount "80"]
[EventDate "2018.09.01"]
[EventType "team-swiss"]
[EventRounds "9"]
[EventCountry "POL"]
[SourceTitle "CBM 186 Extra"]
[Source "ChessBase"]
[SourceDate "2018.08.24"]
[SourceVersion "1"]
[SourceVersionDate "2018.08.24"]
[SourceQuality "1"]
[WhiteTeam "Chylice Laura"]
[BlackTeam "Ostrow Wielkopolski"]
[WhiteTeamCountry "POL"]
[BlackTeamCountry "POL"]

1. e4 c6 2. d4 d5 3. exd5 cxd5 4. Bd3 Nc6 5. c3 Nf6 6. h3 g6 7. Bf4 Bg7 8. Nf3 0-0 9. 0-0 Bf5 10. Bxf5 gxf5 11. Ne1 Kh8 12. Nd3 e6 13. Nd2 Ne4 14. Re1 Nxd2 15. Qxd2 Rg8 16. Kh2 Bf6 17. Qe2 Rg7 18. Qh5 Bg5 19. Bxg5 Qxg5 20. Qxg5 Rxg5 21. f3 Rag8 22. Re2 Rc8 23. Rc1 Rgg8 24. Rd2 Rc7 25. Nf4 Na5 26. Re2 Rgc8 27. g4 fxg4 28. hxg4 b5 29. a3 Nb3 30. Rh1 Kg7 31. Kg3 a5 32. Reh2 Rh8 33. Nd3 Rb7 34. g5 b4 35. axb4 axb4 36. Nxb4 Nxd4 37. Kf4 Nb3 38. Ke3 d4+ 39. Kd3 dxc3 40. bxc3 Nc5+ 1/2-1/2

[Event "POL-chT 2nd League"]
[Site "Jastrzebia Gora"]
[Date "2018.09.02"]
[Round "2.10"]
[White "Galuszka, Tomasz"]
[Black "Chmielarz, Maciej"]
[Result "0-1"]
[WhiteElo "2090"]
[BlackElo "1946"]
[PlyCount "112"]
[EventDate "2018.09.01"]
[EventType "team-swiss"]
[EventRounds "9"]
[EventCountry "POL"]
[SourceTitle "CBM 186 Extra"]
[Source "ChessBase"]
[SourceDate "2018.08.24"]
[SourceVersion "1"]
[SourceVersionDate "2018.08.24"]
[SourceQuality "1"]
[WhiteTeam "Jastrzebie Zdroj Pionier"]
[BlackTeam "Ostrow Wielkopolski"]
[WhiteTeamCountry "POL"]
[BlackTeamCountry "POL"]

1. Nf3 c6 2. g3 d5 3. Bg2 g6 4. 0-0 Bg7 5. d3 Bf5 6. Nbd2 Nf6 7. Qe1 h5 8. e4 Bd7 9. Ng5 h4 10. Ndf3 h3 11. Bh1 Ng4 12. e5 Qc8 13. Nxf7 Kxf7 14. e6+ Kg8 15. exd7 Qxd7 16. Bf4 Na6 17. d4 Rf8 18. Ne5 Nxe5 19. Bxe5 Bxe5 20. Qxe5 Rh5 21. Qe2 c5 22. Rae1 cxd4 23. Qxe7 Qxe7 24. Rxe7 Nb4 25. Rxb7 Nxc2 26. Rd7 Rff5 27. Rc7 d3 28. Rc3 Nd4 29. Rc8+ Rf8 30. Rxf8+ Kxf8 31. Rd1 Re5 32. Kf1 Nc2 33. Bf3 d4 34. Bg4 d2 35. Be2 d3 36. Rxd2 dxe2+ 37. Rxe2 Rxe2 38. Kxe2 Nb4 39. a3 Nc6 40. Kf3 Ne5+ 41. Kf4 Nd3+ 42. Kg5 Nxb2 43. Kxg6 a5 44. Kh7 Nd3 45. g4 Nxf2 46. g5 Ng4 47. g6 Nf6+ 48. Kh6 a4 49. Kg5 Kg7 50. Kh4 Nd5 51. Kxh3 Nc3 52. Kg4 Kxg6 53. Kf4 Nb5 54. Ke4 Nxa3 55. Kd3 Nb5 56. Kc4 a3 0-1

[Event "POL-chT 2nd League"]
[Site "Szklarska Poreba"]
[Date "2017.09.09"]
[Round "8.5"]
[White "Chmielarz, Maciej"]
[Black "Krasiewicz, Robert"]
[Result "0-1"]
[WhiteElo "1950"]
[BlackElo "2005"]
[PlyCount "106"]
[EventDate "2017.09.02"]
[EventType "team-swiss"]
[EventRounds "9"]
[EventCountry "POL"]
[SourceTitle "CBM 180 Extra"]
[Source "ChessBase"]
[SourceDate "2017.10.06"]
[SourceVersion "1"]
[SourceVersionDate "2017.10.06"]
[SourceQuality "1"]
[WhiteTeam "Ostrow Wielkopolski"]
[BlackTeam "Zielonka Zieloni"]
[WhiteTeamCountry "POL"]
[BlackTeamCountry "POL"]

1. d4 f5 2. c4 d6 3. Nc3 Nf6 4. h4 e5 5. dxe5 dxe5 6. Qxd8+ Kxd8 7. Bg5 Nbd7 8. 0-0-0 c6 9. e4 fxe4 10. Nxe4 Kc7 11. Nxf6 gxf6 12. Be3 Nc5 13. Be2 Rg8 14. g3 Bf5 15. Nf3 a5 16. h5 a4 17. Nh4 Bg4 18. f3 Be6 19. g4 Be7 20. Nf5 Bxf5 21. gxf5 a3 22. Rhg1 axb2+ 23. Kxb2 Na4+ 24. Kc2 Bc5 25. Rxg8 Rxg8 26. Bd2 Rg2 27. Re1 Rh2 28. h6 Bf2 29. Rf1 Bh4 30. Bd1 Bg5 31. f4 Bxh6 32. Kc1 Nc5 33. Bc2 Nd7 34. Be4 Rh4 35. Kc2 Bxf4 36. Be1 Rh2+ 37. Kb1 Nc5 38. Bc2 h5 39. Rg1 h4 40. Bb4 Kb6 41. a4 Na6 42. Be7 Bg5 43. Rd1 h3 44. Bd8+ Kc5 45. Bd3 Kb4 46. Be7+ Kb3 47. Ka1 Ra2+ 48. Kb1 h2 49. Be4 Re2 50. Bd3 Rg2 51. Bf1 h1Q 52. Rd3+ Kxc4 53. Rd1+ Qxf1 0-1

[Event "POL-chT3 Wielkopolskie 1415"]
[Site "Poland"]
[Date "2015.02.01"]
[Round "6.15"]
[White "Moryson, Adrian"]
[Black "Chmielarz, Maciej"]
[Result "1-0"]
[WhiteElo "1862"]
[BlackElo "1900"]
[PlyCount "106"]
[EventDate "2014.11.30"]
[EventType "team-tourn"]
[EventRounds "11"]
[EventCountry "POL"]
[SourceTitle "EXT 2019"]
[Source "ChessBase"]
[SourceDate "2018.10.10"]
[SourceVersion "1"]
[SourceVersionDate "2018.10.10"]
[SourceQuality "1"]

1. f4 d5 2. Nf3 c5 3. e3 Nc6 4. Bb5 Bd7 5. Bxc6 Bxc6 6. Ne5 e6 7. b3 Ne7 8. Bb2 f6 9. Nxc6 Nxc6 10. 0-0 Qd7 11. Qh5+ Qf7 12. Qxf7+ Kxf7 13. d3 Be7 14. Nd2 Rhd8 15. Rf2 Rac8 16. a3 b5 17. Nf3 Na5 18. Kf1 Nb7 19. e4 c4 20. exd5 Rxd5 21. dxc4 bxc4 22. Bd4 cxb3 23. cxb3 Nc5 24. Bxc5 Rdxc5 25. b4 Rc1+ 26. Rxc1 Rxc1+ 27. Ne1 a5 28. Rb2 axb4 29. axb4 Bd6 30. g3 e5 31. f5 e4 32. Kf2 Be5 33. Ra2 Rb1 34. Nc2 Rh1 35. Ke3 Rxh2 36. Kxe4 Bxg3 37. Ra7+ Kf8 38. Nd4 Rh4+ 39. Ke3 Bf2+ 40. Kxf2 Rxd4 41. b5 Rb4 42. Rb7 h5 43. b6 Rb5 44. Kg3 Rxf5 45. Rc7 Rb5 46. b7 g5 47. Rc8+ Kg7 48. b8Q Rxb8 49. Rxb8 Kg6 50. Rb5 Kf7 51. Kf3 Ke6 52. Ke3 h4 53. Rb6+ Ke7 1-0

[Event "POL-chT U19 3rd League Wielkopolska"]
[Site "Wielkopolska"]
[Date "2014.12.30"]
[Round "3.7"]
[White "Chmielarz, Maciej"]
[Black "Kwiatkowski, Wiktor"]
[Result "1-0"]
[WhiteElo "1854"]
[BlackElo "1927"]
[PlyCount "87"]
[EventDate "2014.01.18"]
[EventType "team-tourn"]
[EventRounds "9"]
[EventCountry "POL"]
[SourceTitle "EXT 2020"]
[Source "ChessBase"]
[SourceDate "2019.10.17"]
[SourceVersion "1"]
[SourceVersionDate "2019.10.17"]
[SourceQuality "1"]
[WhiteTeam "Ostrow Wielkopolski U19"]
[BlackTeam "Koscielec UKS Kielbaska U19"]
[WhiteTeamCountry "POL"]
[BlackTeamCountry "POL"]

1. d4 Nf6 2. c4 e6 3. Nc3 b6 4. e4 Bb4 5. Bd3 Bb7 6. f3 c5 7. d5 Bxc3+ 8. bxc3 e5 9. f4 exf4 10. e5 Nxd5 11. cxd5 Qh4+ 12. Kf1 Bxd5 13. Nf3 Qg4 14. h3 Qg3 15. Qe1 Nc6 16. Qxg3 fxg3 17. Bf4 0-0 18. Bxg3 Rfe8 19. Kf2 Bxf3 20. gxf3 Nxe5 21. Bxe5 Rxe5 22. Rae1 d6 23. Rxe5 dxe5 24. Rd1 Kf8 25. Be4 Re8 26. Rd7 Re7 27. Rd8+ Re8 28. Rxe8+ Kxe8 29. Ke3 Ke7 30. Kd3 g6 31. Kc4 Kd6 32. a4 f5 33. Bd5 Ke7 34. Bg8 Kf8 35. Bd5 Ke7 36. a5 Kd6 37. Bg8 e4 38. fxe4 fxe4 39. Bxh7 b5+ 40. Kb3 Ke5 41. Bxg6 Kf4 42. Kc2 Kf3 43. Kd1 e3 44. Ke1 1-0

[Event "POL-chT U19 3rd League Wielkopolska"]
[Site "Wielkopolska"]
[Date "2014.12.30"]
[Round "6.19"]
[White "Pietrzak, Piotr"]
[Black "Chmielarz, Maciej"]
[Result "0-1"]
[WhiteElo "1398"]
[BlackElo "1854"]
[PlyCount "112"]
[EventDate "2014.01.18"]
[EventType "team-tourn"]
[EventRounds "9"]
[EventCountry "POL"]
[SourceTitle "EXT 2020"]
[Source "ChessBase"]
[SourceDate "2019.10.17"]
[SourceVersion "1"]
[SourceVersionDate "2019.10.17"]
[SourceQuality "1"]
[WhiteTeam "Poznan UMKS Na Pieterku U19 II"]
[BlackTeam "Ostrow Wielkopolski U19"]
[WhiteTeamCountry "POL"]
[BlackTeamCountry "POL"]

1. e4 c6 2. d4 d5 3. exd5 cxd5 4. c4 Nf6 5. Nc3 e6 6. Bg5 Bb4 7. Nf3 Qa5 8. Qc2 Ne4 9. Bd2 Nxd2 10. Qxd2 dxc4 11. Bxc4 Nd7 12. a3 a6 13. 0-0 Bxc3 14. bxc3 b5 15. Bd3 Bb7 16. Ne5 Nxe5 17. dxe5 Rc8 18. Rfc1 0-0 19. Qb2 Rfd8 20. Bf1 Bd5 21. Qb4 Qc7 22. a4 Qxe5 23. axb5 axb5 24. Bxb5 Rb8 25. Qe7 Bxg2 26. Kxg2 Qxb5 27. Ra7 Rf8 28. c4 Qc6+ 29. Kg1 Rb2 30. Rd1 Rbb8 31. c5 Rbc8 32. Rc1 Qd5 33. Rd7 Qf5 34. Rcd1 Qxc5 35. Qh4 h6 36. Qe4 Qg5+ 37. Kf1 Rc1 38. Rxc1 Qxc1+ 39. Kg2 Qg5+ 40. Kh1 Rc8 41. Rd1 Rc1 42. Qa8+ Kh7 43. Qe4+ g6 44. Rxc1 Qxc1+ 45. Kg2 Qd2 46. Qa4 Qd5+ 47. Kg1 e5 48. Qa7 h5 49. Qe7 Qe6 50. Qa7 h4 51. Qa4 e4 52. Qa7 Qg4+ 53. Kf1 Qd1+ 54. Kg2 Qf3+ 55. Kg1 h3 56. Kf1 Qd1# 0-1

[Event "POL-chT3 Wielkopolskie 1415"]
[Site "Poland"]
[Date "2014.12.07"]
[Round "2.26"]
[White "Chmielarz, Maciej"]
[Black "Witwicki, Pawel"]
[Result "1-0"]
[WhiteElo "1900"]
[BlackElo "1923"]
[PlyCount "85"]
[EventDate "2014.11.30"]
[EventType "team-tourn"]
[EventRounds "11"]
[EventCountry "POL"]
[SourceTitle "EXT 2019"]
[Source "ChessBase"]
[SourceDate "2018.10.10"]
[SourceVersion "1"]
[SourceVersionDate "2018.10.10"]
[SourceQuality "1"]

1. d4 g6 2. c4 Bg7 3. e4 c5 4. d5 b5 5. cxb5 d6 6. Nc3 Nf6 7. Be2 a6 8. bxa6 0-0 9. Nf3 Qa5 10. Nd2 Bxa6 11. 0-0 Bxe2 12. Qxe2 Qa6 13. Nc4 Nbd7 14. f4 Nb6 15. Nxb6 Qxb6 16. e5 dxe5 17. fxe5 Nd7 18. Bf4 c4+ 19. Rf2 Rac8 20. Re1 Qa6 21. b4 Qb6 22. a3 Qd4 23. Qe3 Qxe3 24. Rxe3 Nb6 25. a4 Rfd8 26. Rd2 Nd7 27. a5 Nf8 28. a6 Ne6 29. Bg3 Nc7 30. b5 Bh6 31. Ree2 Bxd2 32. Rxd2 Ne6 33. Ra2 Nc5 34. Bf2 Nd3 35. b6 Nb4 36. Ra5 e6 37. a7 exd5 38. b7 Ra8 39. b8Q Raxb8 40. Nxd5 Nc6 41. Ra6 Nxa7 42. Rxa7 Re8 43. Nf6+ 1-0

[Event "POL-chT U19 2nd League"]
[Site "Szczyrk"]
[Date "2014.08.02"]
[Round "11.133"]
[White "Chmielarz, Maciej"]
[Black "Kokoszczynski, Jan"]
[Result "1-0"]
[WhiteElo "1862"]
[BlackElo "1753"]
[PlyCount "91"]
[EventDate "2014.07.25"]
[EventType "team-swiss"]
[EventRounds "11"]
[EventCountry "POL"]
[SourceTitle "EXT 2015"]
[Source "ChessBase"]
[SourceDate "2014.11.20"]
[SourceVersion "1"]
[SourceVersionDate "2014.11.20"]
[SourceQuality "1"]
[WhiteTeam "Wielkopolski OTSz Ostrow U19"]
[BlackTeam "Chylice KS Laura U19 II"]
[WhiteTeamCountry "POL"]
[BlackTeamCountry "POL"]

1. d4 d5 2. c4 Bf5 3. Nc3 e6 4. cxd5 exd5 5. Qb3 Nc6 6. Bf4 Nxd4 7. Qa4+ Nc6 8. 0-0-0 Nf6 9. e4 Bxe4 10. Bb5 Qd7 11. f3 Bf5 12. Nge2 Bc5 13. g4 Be6 14. g5 Nh5 15. Ne4 Bb6 16. Nd4 Bxd4 17. Rxd4 0-0 18. Nc5 Qe7 19. Nxe6 Nxd4 20. Nxf8 Nxb5 21. Bd2 Qc5+ 22. Kb1 Rxf8 23. Rc1 Qd4 24. Bb4 c6 25. Qb3 Re8 26. a4 Nc7 27. Bc5 Qe5 28. Qxb7 Ne6 29. Bxa7 Nxg5 30. a5 Nxf3 31. a6 Nd2+ 32. Ka2 d4 33. Rc5 Qe6+ 34. Ka3 Nb1+ 35. Kb4 Qe1+ 36. Ka4 Qd1+ 37. Ka5 Nd2 38. Qxc6 Rf8 39. Kb6 Qb3+ 40. Rb5 Qh3 41. Kb7 Nf6 42. Bc5 Rd8 43. a7 Qd7+ 44. Qxd7 Rxd7+ 45. Kc6 Rxa7 46. Rb8+ 1-0